[Event "15th Asian Continental"]
[Site "Tashkent UZB"]
[Date "2016.06.03"]
[Round "9.4"]
[White "Kazhgaleyev, Murtas"]
[Black "Vidit, Santosh Gujrathi"]
[Result "1-0"]
[WhiteTitle "GM"]
[BlackTitle "GM"]
[WhiteElo "2582"]
[BlackElo "2658"]
[WhiteFideId "13700316"]
[BlackFideId "5029465"]
[EventDate "2016.05.26"]

1. d4 d5 2. c4 e6 3. Nc3 c6 4. cxd5 exd5 5. Qc2 Bd6 6. Nf3 Na6 7. a3 Nc7 8. Bg5
Ne7 9. e3 f6 10. Bh4 Bf5 11. Qb3 b5 12. Be2 a5 13. Bg3 a4 14. Qd1 O-O 15. O-O
Nc8 16. b3 Nb6 17. bxa4 Nxa4 18. Qb3 Bxg3 19. hxg3 Qd6 20. Rfc1 Ra7 21. Nxa4
Rxa4 22. Qc3 Bd7 23. Bd1 Rc4 24. Qb2 Rxc1 25. Qxc1 Ne6 26. a4 bxa4 27. Rxa4 c5
28. dxc5 Nxc5 29. Ra7 Rc8 30. Qa3 Qb6 31. Bc2 Bb5 32. Bf5 Rb8 33. Ra8 Na6 34.
Rxb8+ Qxb8 35. Nd4 Bc4 36. Qe7 Kh8 37. Nc6 Qg8 38. Be6 Qa8 39. Nd8 h5 40. Qe8+ 1-0

[Event "15th Asian Continental"]
[Site "Tashkent UZB"]
[Date "2016.06.03"]
[Round "9.5"]
[White "Fang, Yan"]
[Black "Nguyen, Ngoc Truong Son"]
[Result "0-1"]
[BlackTitle "GM"]
[WhiteElo "2354"]
[BlackElo "2636"]
[WhiteFideId "8604746"]
[BlackFideId "12401110"]
[EventDate "2016.05.26"]

1. e4 e5 2. Nf3 Nc6 3. Bb5 Nf6 4. Nc3 Bb4 5. O-O O-O 6. Bxc6 dxc6 7. Nxe5 Re8 8.
Nd3 Bxc3 9. dxc3 Nxe4 10. Qf3 Qf6 11. Qxf6 Nxf6 12. Bg5 Nh5 13. Nf4 h6 14. Rfe1
Bg4 15. Nxh5 hxg5 16. Ng3 f6 17. f3 Be6 18. Kf2 Kf7 19. h3 a5 20. a4 Rad8 21.
Red1 b6 22. b3 c5 23. c4 f5 24. Rxd8 Rxd8 25. Ke2 Kf6 26. Rd1 Rxd1 27. Kxd1 Ke5
28. Kd2 g4 29. hxg4 fxg4 30. Ke3 gxf3 31. gxf3 g5 32. c3 Bf7 33. Ne2 Kf6 34. Nc1
Bg6 35. Nd3 Bf5 36. Kd2 Kg6 37. Ne5+ Kf6 38. Nd3 Bh7 39. Nf2 Bb1 40. Kc1 Bf5 41.
Kd2 Bb1 42. Kc1 Bh7 43. Kd2 Kg6 44. Ne4 Kf5 45. Ke3 Ke5 46. Nxg5 Bc2 47. b4 cxb4
48. cxb4 axb4 49. c5 bxc5 50. a5 Ba4 51. f4+ Kf5 52. a6 Bc6 53. a7 Ba8 54. Nf3
c4 55. Nd2 c3 56. Nb3 Kg4 57. Kd3 Kxf4 58. Kc4 Ke3 59. Kxb4 Kd3 60. Ka3 Kc2 61.
Nd4+ Kd2 62. Nb3+ Kd1 63. Ka2 Bd5 64. Ka3 Ba8 65. Ka2 Bb7 66. Ka3 Bh1 67. Ka2
Bg2 68. Ka3 Bf3 69. Ka2 Be4 70. Ka3 Bd5 71. Ka2 Kc2 72. Ka3 Kb1 0-1

[Event "15th Asian Continental"]
[Site "Tashkent UZB"]
[Date "2016.06.03"]
[Round "9.6"]
[White "Aravindh, Chithambaram VR."]
[Black "Lu, Shanglei"]
[Result "0-1"]
[WhiteTitle "GM"]
[BlackTitle "GM"]
[WhiteElo "2528"]
[BlackElo "2614"]
[WhiteFideId "5072786"]
[BlackFideId "8603332"]
[EventDate "2016.05.26"]

1. e4 c5 2. Nf3 d6 3. d4 cxd4 4. Nxd4 Nf6 5. Nc3 a6 6. Nb3 Nc6 7. Be3 e6 8. g4
b5 9. Bg2 Bb7 10. g5 Nd7 11. f4 Nb6 12. Qe2 Nc4 13. O-O-O Rc8 14. Kb1 Be7 15.
Bc1 O-O 16. Rd3 Nb4 17. Rh3 g6 18. Rd1 a5 19. Nd4 e5 20. Ndxb5 exf4 21. b3 Ne3
22. Bxe3 fxe3 23. Qxe3 Ba6 24. Qg3 Bxb5 25. Nxb5 Rxc2 26. e5 Bxg5 27. a3 Qc8 28.
Nc3 Rxc3 29. Qxc3 Qf5+ 30. Ka1 Rc8 31. Be4 Qe6 32. Qg3 Bf4 33. Qxf4 Qxh3 34.
axb4 Qxb3 35. Qd2 Qa4+ 36. Kb2 Rc4 37. Bb1 Rxb4+ 38. Kc1 Qa3+ 0-1

[Event "15th Asian Continental"]
[Site "Tashkent UZB"]
[Date "2016.06.03"]
[Round "9.7"]
[White "Wen, Yang"]
[Black "Sengupta, Deep"]
[Result "0-1"]
[WhiteTitle "GM"]
[BlackTitle "GM"]
[WhiteElo "2611"]
[BlackElo "2543"]
[WhiteFideId "8602956"]
[BlackFideId "5008352"]
[EventDate "2016.05.26"]

1. d4 Nf6 2. Nf3 b6 3. Bf4 Bb7 4. e3 g6 5. Bd3 Bg7 6. h4 d6 7. Nbd2 Nbd7 8. Qe2
c5 9. O-O-O Rc8 10. Kb1 Qc7 11. c3 b5 12. Bxb5 Rb8 13. Ka1 Bc6 14. Bc4 Qb6 15.
Rb1 Rd8 16. Bd3 Nd5 17. Bg3 cxd4 18. Nc4 Qc7 19. cxd4 Nb4 20. a3 Nxd3 21. Qxd3
Nf6 22. Nfd2 Bxg2 23. Rhc1 Qd7 24. f3 O-O 25. Qe2 Bh3 26. Na5 Rc8 27. Be1 d5 28.
Ndb3 Bf5 29. Rxc8 Rxc8 30. Nc5 Qd8 31. Rc1 Nd7 32. Nab3 e5 33. e4 Nxc5 34. dxc5
Be6 35. Na5 Bf8 36. b4 d4 37. Qd3 Be7 38. Bg3 f6 39. f4 f5 40. exf5 e4 41. Qa6
Bxf5 42. Nc6 Rxc6 43. Qxc6 d3 44. Bf2 d2 45. Rd1 Qd3 46. Kb2 e3 0-1

[Event "15th Asian Continental"]
[Site "Tashkent UZB"]
[Date "2016.06.03"]
[Round "9.9"]
[White "Karthikeyan, Murali"]
[Black "Kasimdzhanov, Rustam"]
[Result "1/2-1/2"]
[WhiteTitle "GM"]
[BlackTitle "GM"]
[WhiteElo "2518"]
[BlackElo "2703"]
[WhiteFideId "5074452"]
[BlackFideId "14200244"]
[EventDate "2016.05.26"]

1. e4 e6 2. d4 d5 3. Nd2 c5 4. Ngf3 cxd4 5. exd5 Qxd5 6. Bc4 Qd8 7. O-O Nc6 8.
Nb3 a6 9. Nbxd4 Nxd4 10. Qxd4 Qxd4 11. Nxd4 Bd7 12. Bf4 Bc5 13. Nb3 Bb6 14. Be2
Ne7 15. Rad1 O-O-O 16. Nd2 Bc7 17. Bxc7 Kxc7 18. Ne4 h6 19. c4 Bc6 20. Nc3 Nf5
21. b4 Nd4 22. Bd3 b6 23. f3 Rd7 24. Kf2 Rhd8 25. Bb1 Nc2 26. Rxd7+ Rxd7 27. b5
Bb7 28. Ke2 Na3 29. Bd3 Rd4 30. bxa6 Bxa6 31. Nb5+ Nxb5 32. cxb5 Bb7 33. Rc1+
Kd6 34. Bc4 f5 35. Ke3 e5 36. g3 g5 37. Bb3 Rb4 38. Rd1+ Ke7 39. Rc1 f4+ 40. Ke2
Kd6 41. Rd1+ Rd4 42. gxf4 gxf4 43. Rg1 Kc5 44. Rg7 Bd5 45. Re7 Bxb3 46. axb3 Rd5
47. Re6 h5 48. h4 Kxb5 49. Rh6 Kc5 50. Rxh5 Kb4 51. Rg5 Kxb3 52. h5 Kc3 53. h6
Rd2+ 54. Ke1 Rh2 55. Rxe5 Rxh6 56. Rf5 Rh4 57. Ke2 Kc4 58. Rf8 b5 59. Rc8+ Kd4
60. Rd8+ Kc3 61. Rc8+ Kb3 62. Kd3 b4 63. Ke4 Kb2 64. Kf5 b3 65. Kg5 Rh7 66. Kxf4
Rb7 67. Ke5 Ka1 68. Rc1+ Ka2 69. f4 b2 70. Rc2 Kb3 71. Rxb2+ Kxb2 72. f5 Rb5+
73. Ke6 Rxf5 1/2-1/2

[Event "15th Asian Continental"]
[Site "Tashkent UZB"]
[Date "2016.06.03"]
[Round "9.10"]
[White "Vakhidov, Jahongir"]
[Black "Wang, Yiye"]
[Result "1-0"]
[WhiteTitle "GM"]
[BlackTitle "IM"]
[WhiteElo "2578"]
[BlackElo "2442"]
[WhiteFideId "14201801"]
[BlackFideId "8606021"]
[EventDate "2016.05.26"]

1. c4 Nf6 2. g3 c6 3. Nf3 d5 4. Bg2 Bg4 5. Ne5 Be6 6. cxd5 Bxd5 7. Nf3 e5 8. Nc3
Bxf3 9. Bxf3 Bc5 10. d3 Nbd7 11. O-O O-O 12. Rb1 a5 13. a3 Bd4 14. Bd2 Nb6 15.
Qc2 Qe7 16. Bg5 Nbd7 17. Bg2 Qe6 18. Bd2 Rfe8 19. h3 h5 20. Kh1 Ra6 21. e4 Qd6
22. Ne2 Ba7 23. Bc3 b5 24. f4 c5 25. b4 cxb4 26. axb4 Ng4 27. fxe5 Ndxe5 28. d4
Ne3 29. dxe5 Qe7 30. Qa2 Qb7 31. bxa5 Nxf1 32. Rxf1 Bb8 33. Qd5 Qxd5 34. exd5
Bxe5 35. Bxe5 Rxe5 36. Nd4 1-0

[Event "15th Asian Continental"]
[Site "Tashkent UZB"]
[Date "2016.06.03"]
[Round "9.11"]
[White "Bai, Jinshi"]
[Black "Mohammad, Minhaz Uddin"]
[Result "1/2-1/2"]
[WhiteTitle "GM"]
[BlackTitle "IM"]
[WhiteElo "2567"]
[BlackElo "2430"]
[WhiteFideId "8602280"]
[BlackFideId "10201955"]
[EventDate "2016.05.26"]

1. Nf3 Nf6 2. g3 b6 3. d4 e6 4. Bg2 Bb7 5. c4 Bb4+ 6. Bd2 Qe7 7. O-O Bxd2 8.
Qxd2 O-O 9. Nc3 d6 10. d5 e5 11. e4 Nbd7 12. b4 Rfd8 13. Ne1 a5 14. b5 Nc5 15.
Nc2 Rf8 16. Rae1 Ng4 17. f4 f6 18. f5 Nh6 19. h4 Kf7 20. Bh3 Ke8 21. Re2 Nf7 22.
Rg2 Rh8 23. Ne1 Kd7 24. g4 h6 25. Rg3 Rag8 26. Nf3 Kd8 27. h5 Ng5 28. Qe3 Nxf3+
29. Rgxf3 Qf7 30. Nb1 Ke7 31. Nd2 Bc8 32. R3f2 Bd7 33. Nf3 Kd8 34. Nh4 Kc8 35.
Bg2 Nb7 36. Bf3 Rh7 37. Bd1 Nc5 38. Kg2 Be8 39. Nf3 Qe7 40. Bc2 Bf7 41. Nh4 Kb7
42. Rh1 Qd8 43. Ng6 Qe8 44. Rf3 Kb8 45. Rfh3 Kb7 46. Bd1 Qd8 47. Be2 Qe8 48. Bd1
Nd7 49. Nh4 Nc5 50. Ng6 Nd7 51. Nh4 Nc5 52. Ng6 1/2-1/2

[Event "15th Asian Continental"]
[Site "Tashkent UZB"]
[Date "2016.06.03"]
[Round "9.12"]
[White "Gao, Rui"]
[Black "Begmuratov, Alisher"]
[Result "0-1"]
[WhiteTitle "GM"]
[BlackTitle "FM"]
[WhiteElo "2556"]
[BlackElo "2371"]
[WhiteFideId "8602387"]
[BlackFideId "14203367"]
[EventDate "2016.05.26"]

1. e4 e6 2. d4 d5 3. Nc3 Bb4 4. e5 c5 5. a3 Bxc3+ 6. bxc3 Ne7 7. Nf3 Qc7 8. h4
h5 9. a4 b6 10. Bb5+ Bd7 11. O-O c4 12. Bg5 Nf5 13. Qc1 a6 14. Bxd7+ Nxd7 15.
Qa3 Nb8 16. Rfb1 Nc6 17. Rb2 Kd7 18. Bf4 Rhb8 19. Ng5 Ke8 20. g3 Ra7 21. Nh7 Kd7
22. Ng5 Ke8 23. Nh7 Qe7 24. Qxe7+ Nfxe7 25. Rbb1 b5 26. axb5 Rxb5 27. Bc1 Rab7
28. Rxb5 Rxb5 29. Kg2 Ra5 30. Rb1 Ra2 31. Bg5 Nc8 32. Rb7 Rxc2 33. g4 hxg4 34.
h5 N8e7 35. Bxe7 Nxe7 36. Rb8+ Kd7 37. Rb7+ Ke8 38. Rb8+ Kd7 39. Rb7+ Kd8 40.
Ng5 Nf5 41. Rxf7 Ke8 42. Kg1 g3 43. fxg3 Rxc3 44. Kf2 Rxg3 45. Rxg7 Nxg7 46.
Kxg3 Nf5+ 47. Kf2 Nxd4 48. h6 Kf8 49. Ke3 c3 50. Nh7+ Kg8 51. Nf6+ Kh8 52. Kd3
c2 53. Kd2 a5 54. Ng4 a4 55. Ne3 a3 0-1